Integrating ISO 14001 into a quality management system

Bibliographic Details
Main Author: Block, Marilyn R.
Other Authors: Marash, Robert I
Format: Book
Language:English
Published: New Delhi,India : New Age International (P) Ltd. , 2010
Edition:2nd ed.
Subjects:

MARC

LEADER 00000cam a2200000 7i4500
001 0000024362
005 20120508.0
008 120503s ii # eng
020 |a 9788122431155 ,   |c RM195.00 
040 |a INS 
090 0 0 |a TS155.7   |b B63 2010 
100 1 |a Block, Marilyn R. 
245 1 0 |a Integrating ISO 14001 into a quality management system   |c Marilyn R. Block and I.Robert Marash 
250 |a 2nd ed. 
260 |a New Delhi,India :   |b New Age International (P) Ltd. ,   |c 2010 
300 |a xiv,202p. ;   |c 21cm. 
650 0 |a ISO 14000 Series Standard 
650 0 |a ISO 9001 
650 0 |a Quality Control 
700 1 |a Marash, Robert I 
999 |a 1000000843   |b BOOK   |c Open Shelf   |e Default branch